Loading...
| Beliefs | 0 | 4 | 0 | 2 | 40 | 102 | 119.50 | 0 | 2 |
| Current Events | 2 | 1 | 0 | 0 | 40 | 17 | 62.33 | 1 | 3 |
| Science - Biology | 0 | 3 | 0 | 0 | 30 | 93 | 95.00 | 2 | 3 |
| Science - Chemistry | 0 | 2 | 1 | 0 | 15 | 107 | 109.50 | 1 | 2 |
| British and Commonwealth History | 0 | 1 | 0 | 1 | 10 | 101 | 101.00 | 1 | 1 |
| Other Academic | 0 | 1 | 0 | 0 | 10 | 77 | 77.00 | 1 | 1 |
| History - European History | 0 | 1 | 0 | 1 | 10 | 141 | 141.00 | 0 | 1 |
| Philosophy | 0 | 1 | 0 | 1 | 10 | 129 | 129.00 | 0 | 1 |
| History - American History | 1 | 0 | 1 | 0 | 10 | 46 | 46.00 | 1 | 1 |
| History - World History | 0 | 1 | 0 | 0 | 10 | 108 | 108.00 | 0 | 0 |
| Science - Physics | 0 | 1 | 1 | 1 | 5 | 124 | 124.00 | 0 | 0 |
| Social Science | 0 | 0 | 0 | 0 | 0 | 0.00 | 0 | 0 | |
| Literature - British Literature | 0 | 0 | 0 | 0 | 0 | 0.00 | 0 | 0 | |
| Literature - European Literature | 0 | 0 | 0 | 0 | 0 | 0.00 | 0 | 0 | |
| Other Arts: Auditory | 0 | 0 | 0 | 0 | 0 | 0.00 | 0 | 0 | |
| Other Science: Math | 0 | 0 | 0 | 0 | 0 | 0.00 | 0 | 0 | |
| Geography | 0 | 0 | 1 | 0 | -5 | 0.00 | 0 | 0 |